| 000 | 00757cam a22002532 4500 | ||
|---|---|---|---|
| 999 |
_c21388 _d21388 |
||
| 001 | 9382400 | ||
| 003 | BDDh-ASL | ||
| 005 | 20231015030006.0 | ||
| 008 | 830517s1963 dcu 000 0 eng | ||
| 010 | _a 63015630 | ||
| 040 |
_aDLC _cCarP _dDLC _dBDDh-ASL |
||
| 043 |
_ae------ _an-us--- |
||
| 050 | 0 | 0 |
_aD1065.U5 _bB4 |
| 082 |
_a327.4207 _bBEU |
||
| 100 | 1 |
_aBeloff, Max, _d1913-1999. |
|
| 245 | 1 | 4 | _aThe United States and the unity of Europe / |
| 260 |
_aLondon: _bFaber and Faber, _c[1963] |
||
| 300 |
_a124 p. _c24 cm. |
||
| 650 | 0 | _aEuropean federation. | |
| 651 | 0 |
_aEurope _xForeign relations _zUnited States. |
|
| 651 | 0 |
_aUnited States _xForeign relations _zEurope. |
|
| 906 |
_a0 _bcbc _cpremver _du _encip _f19 _gy-gencatlg |
||
| 942 |
_2ddc _cBK |
||